Antiinflačná politika Slovenskej republiky diplomová práca

Gespeichert in:
Bibliographische Detailangaben
1. Verfasser: Kišš, Tomáš
Körperschaft: Fakulta hospodárskej informatiky EU. Katedra operačného výskumu a ekonometrie
Weitere Verfasser: Surmanová, Kvetoslava
Format: Buch
Sprache:Slowakisch
Veröffentlicht: Bratislava 2008
Tags: Tag hinzufügen
Keine Tags, Fügen Sie das erste Tag hinzu!

MARC

LEADER 00000nam$a2200000$$$4500
001 0083805
005 20240201114856.4
041 0 |a slo 
044 |a SK 
245 1 0 |a Antiinflačná politika Slovenskej republiky  |b diplomová práca  |c Tomáš Kišš ; škol. Kvetoslava Surmanová 
264 1 |a Bratislava  |c 2008 
300 |a 71 s. 
100 1 |a Kišš, Tomáš 
700 1 |a Surmanová, Kvetoslava 
710 2 |a Fakulta hospodárskej informatiky EU. Katedra operačného výskumu a ekonometrie